<?xml version="1.0" encoding="UTF-8"?>
<record
    xmlns:xsi="http://www.w3.org/2001/XMLSchema-instance"
    xsi:schemaLocation="http://www.loc.gov/MARC21/slim http://www.loc.gov/standards/marcxml/schema/MARC21slim.xsd"
    xmlns="http://www.loc.gov/MARC21/slim">

  <leader>02313nam a22004097a 4500</leader>
  <controlfield tag="005">20170923020002.0</controlfield>
  <controlfield tag="008">140226b2013    ck ||||| |||| 00| 0 spa d</controlfield>
  <datafield tag="020" ind1=" " ind2=" ">
    <subfield code="a">9789588343914</subfield>
  </datafield>
  <datafield tag="041" ind1=" " ind2=" ">
    <subfield code="a">spa</subfield>
  </datafield>
  <datafield tag="044" ind1=" " ind2=" ">
    <subfield code="a">ck</subfield>
  </datafield>
  <datafield tag="082" ind1=" " ind2=" ">
    <subfield code="a">597.176</subfield>
    <subfield code="b">L347r</subfield>
  </datafield>
  <datafield tag="245" ind1="1" ind2="0">
    <subfield code="a">Rayas de agua dulce (potamotrygonidae) de Suram&#xE9;rica Parte I : </subfield>
    <subfield code="b">Colombia, Venezuela, Ecuador, Per&#xFA;, Brasil, Guyana, Surinam y Guyana Francesa:  diversidad, bioecolog&#xED;a, uso y conservaci&#xF3;n</subfield>
    <subfield code="c">Editado por Carlos Lasso ...[et al].</subfield>
  </datafield>
  <datafield tag="260" ind1=" " ind2=" ">
    <subfield code="a">Bogot&#xE1;</subfield>
    <subfield code="b">Instituto de Investigaci&#xF3;n de Recursos Biol&#xF3;gicos Alexander von Humboldt</subfield>
    <subfield code="c">2013</subfield>
  </datafield>
  <datafield tag="300" ind1=" " ind2=" ">
    <subfield code="a"> 368 p.</subfield>
    <subfield code="b">fot. (col), tablas, mapas</subfield>
    <subfield code="c">25 cm.</subfield>
  </datafield>
  <datafield tag="490" ind1=" " ind2=" ">
    <subfield code="a">Recursos hidrobiol&#xF3;gicos y pesqueros continentales de Colombia</subfield>
    <subfield code="v">9</subfield>
  </datafield>
  <datafield tag="505" ind1=" " ind2=" ">
    <subfield code="a">1.  Biogeograf&#xED;a de las rayas de agua dulce (Potamotrygonidae) de Am&#xE9;rica del Sur.  Pag. 39</subfield>
  </datafield>
  <datafield tag="505" ind1=" " ind2=" ">
    <subfield code="a">2.  Historia de la investigaci&#xF3;n de las rayas de agua dulce  (Potamotrygonidae):  estado actual del conocimiento.  Pag. 49</subfield>
  </datafield>
  <datafield tag="505" ind1=" " ind2=" ">
    <subfield code="a">3.  Aspectos metodol&#xF3;gicos Pag. 63</subfield>
  </datafield>
  <datafield tag="505" ind1=" " ind2=" ">
    <subfield code="a">4.  Caves para la identificaci&#xF3;n de las rayas de agua dulce (Potamotrygonidae). Pag. 111</subfield>
  </datafield>
  <datafield tag="505" ind1=" " ind2=" ">
    <subfield code="a">5.  Cat&#xE1;logo de especies.  Pag.  129</subfield>
  </datafield>
  <datafield tag="505" ind1=" " ind2=" ">
    <subfield code="a">6.  Sistem&#xE1;tica y citogen&#xE9;tica:  estado actual, limitaciones y alcances.  Pag. 281</subfield>
  </datafield>
  <datafield tag="505" ind1=" " ind2=" ">
    <subfield code="a">7.  Marco normativo y comercializaci&#xF3;n de las rayas de agua dulce (Potamotrygonidae) en el norte de Am&#xE9;rica del Sur.  Pag. 311</subfield>
  </datafield>
  <datafield tag="505" ind1=" " ind2=" ">
    <subfield code="a">8.  Envenenamientos causados por rayas de agua dulce (Potamotrygonidae) en Brasil, con notas sobre pa&#xED;ses vecinos (Colombia, Venezuela y Ecuador):  implicaciones en la salud p&#xFA;blica.  Pag. 343</subfield>
  </datafield>
  <datafield tag="505" ind1=" " ind2=" ">
    <subfield code="a">9.  Conclusiones y recomendaciones para la conservaci&#xF3;n.  Pag. 363</subfield>
  </datafield>
  <datafield tag="650" ind1=" " ind2="6">
    <subfield code="a">Peces</subfield>
    <subfield code="z">Am&#xE9;rica del Sur</subfield>
    <subfield code="9">11431</subfield>
  </datafield>
  <datafield tag="650" ind1=" " ind2="6">
    <subfield code="a">Ecolog&#xED;a animal</subfield>
    <subfield code="9">11432</subfield>
  </datafield>
  <datafield tag="650" ind1=" " ind2="6">
    <subfield code="a">Biolog&#xED;a animal</subfield>
    <subfield code="9">11433</subfield>
  </datafield>
  <datafield tag="650" ind1=" " ind2="6">
    <subfield code="a">Peces de agua dulce</subfield>
    <subfield code="z">Am&#xE9;rica del Sur</subfield>
    <subfield code="9">11434</subfield>
  </datafield>
  <datafield tag="650" ind1=" " ind2="6">
    <subfield code="a">Rayas</subfield>
    <subfield code="z">Am&#xE9;rica del Sur</subfield>
    <subfield code="9">11435</subfield>
  </datafield>
  <datafield tag="650" ind1=" " ind2="6">
    <subfield code="a">Potamotrygonidae</subfield>
    <subfield code="z">Am&#xE9;rica del Sur</subfield>
    <subfield code="9">11436</subfield>
  </datafield>
  <datafield tag="650" ind1=" " ind2="6">
    <subfield code="a">Ictiolog&#xED;a</subfield>
    <subfield code="9">11437</subfield>
  </datafield>
  <datafield tag="700" ind1="1" ind2=" ">
    <subfield code="a">Lasso-Alcal&#xE1;, Carlos A.</subfield>
    <subfield code="e">ed.</subfield>
    <subfield code="9">11438</subfield>
  </datafield>
  <datafield tag="700" ind1="1" ind2=" ">
    <subfield code="a">S&#xE1;nchez-Duarte, Maria Paula</subfield>
    <subfield code="e">ed.</subfield>
    <subfield code="9">1968</subfield>
  </datafield>
  <datafield tag="700" ind1="1" ind2=" ">
    <subfield code="a">Agudelo-C&#xF3;rdoba, Edwin</subfield>
    <subfield code="e">ed.</subfield>
    <subfield code="9">11439</subfield>
  </datafield>
  <datafield tag="700" ind1="1" ind2=" ">
    <subfield code="9">5946</subfield>
    <subfield code="a">Morales-Betancourt, M&#xF3;nica</subfield>
    <subfield code="e">editora</subfield>
  </datafield>
  <datafield tag="942" ind1=" " ind2=" ">
    <subfield code="2">ddc</subfield>
    <subfield code="c">Impreso</subfield>
    <subfield code="0">2</subfield>
  </datafield>
  <datafield tag="999" ind1=" " ind2=" ">
    <subfield code="c">8155</subfield>
    <subfield code="d">8155</subfield>
  </datafield>
  <datafield tag="952" ind1=" " ind2=" ">
    <subfield code="0">0</subfield>
    <subfield code="1">0</subfield>
    <subfield code="2">ddc</subfield>
    <subfield code="4">0</subfield>
    <subfield code="7">0</subfield>
    <subfield code="8">HUMBOLDT</subfield>
    <subfield code="a">Bogota</subfield>
    <subfield code="b">Bogota</subfield>
    <subfield code="d">2014-02-26</subfield>
    <subfield code="g">0.00</subfield>
    <subfield code="l">0</subfield>
    <subfield code="o">IAVH-597.176 L347r</subfield>
    <subfield code="p">059902</subfield>
    <subfield code="r">2014-10-28 00:00:00</subfield>
    <subfield code="t">Ej. 1</subfield>
    <subfield code="w">2014-02-26</subfield>
    <subfield code="x">Institucional</subfield>
    <subfield code="y">LIBRO</subfield>
  </datafield>
  <datafield tag="952" ind1=" " ind2=" ">
    <subfield code="0">0</subfield>
    <subfield code="1">0</subfield>
    <subfield code="2">ddc</subfield>
    <subfield code="4">0</subfield>
    <subfield code="7">0</subfield>
    <subfield code="8">HUMBOLDT</subfield>
    <subfield code="I">INV2017</subfield>
    <subfield code="a">Venado</subfield>
    <subfield code="b">Venado</subfield>
    <subfield code="d">2014-02-26</subfield>
    <subfield code="e">Instituto</subfield>
    <subfield code="g">39000.00</subfield>
    <subfield code="l">2</subfield>
    <subfield code="o">IAVH-597.176 L347r</subfield>
    <subfield code="p">059903</subfield>
    <subfield code="r">2017-09-22 00:00:00</subfield>
    <subfield code="s">2017-09-22</subfield>
    <subfield code="t">Ej. 2</subfield>
    <subfield code="w">2014-02-26</subfield>
    <subfield code="x">Dep&#xF3;sito Institucional</subfield>
    <subfield code="y">LIBRO</subfield>
  </datafield>
</record>
